=LDR 00000nam 2200000 4500 =001 INLIS000000000026623 =005 20201116122004 =035 ##$$a 0010-061300000026623 =008 201116################g##########0#ind## =041 ##$$a Ind =082 ##$$a 327.1 =090 ##$$a 327.1, Wir h =245 ##$$a Hubungan internasional, Percikan pemikiran diplomat indonesia. /$c Hasan Wirajuda =260 ##$$a 2004 :$b Jakarta =300 ##$$a xxi, 319 hlm. ; $c 21x14 cm =650 #4$$a Hubungan internasional =850 ##$$a NBPNMAT =084 ##$$a 327.1 HUB =990 ##$$a 20702203 =990 ##$$a 00085731